000
00275nam a22001337a 4500
008
171124b xxu||||| |||| 00| 0 eng d
020
_a
9781575211770
041
_a
eng
080
_a
004
100
_a
27
101
_a
SHK
245
_a
UNLEASHED
_c
MARK.J
942
_2
udc
_c
BK
999
_c
38452
_d
38452